[Event "Hampstead U2200 June 2013"]
[Site "Hampstead, UK"]
[Date "2013.06.29"]
[Round "3"]
[White "Perez Carballo, Manuel"]
[Black "Doci, Stefan"]
[Result "1/2-1/2"]
[WhiteElo "2143"]
[BlackElo "2059"]
[EventRounds "5"]

1. e4 c5 2. Nf3 e6 3. d4 cxd4 4. Nxd4 a6 5. Nc3 Nc6 6. Be3 Qc7 7. Qd2 Nf6 8.
f3 Bb4 9. O-O-O d5 10. Kb1 Nxd4 11. Qxd4 Bxc3 12. bxc3 dxe4 13. Bf4 Qa5 14.
fxe4 O-O 15. Rd3 Nd7 16. Bd6 Re8 17. e5 Qb6+ 18. Ka1 Qxd4 19. cxd4 b5 20. Be2
Bb7 21. Bf3 Bxf3 22. Rxf3 {#d} 1/2-1/2

[Event "Hampstead U2200 June 2013"]
[Site "Hampstead, UK"]
[Date "2013.06.29"]
[Round "3"]
[White "Ronka, Erik"]
[Black "Duncan, Patrick CM"]
[Result "0-1"]
[WhiteElo "2117"]
[BlackElo "2048"]
[EventRounds "5"]

1. d4 Nf6 2. c4 e6 3. Nc3 Bb4 4. e3 c5 5. Nge2 d5 6. a3 cxd4 7. axb4 dxc3 8.
Nxc3 O-O 9. cxd5 exd5 10. Be2 d4 11. exd4 Nc6 12. Be3 Nxb4 13. O-O Nfd5 14.
Bc4 Be6 15. Qb3 Nxe3 16. fxe3 Bxc4 17. Qxc4 Nc2 18. Qd3 Nxa1 19. Rxa1 Re8 20.
e4 a6 21. Kh1 Rc8 22. Rd1 Qb6 23. Rd2 Qa5 24. h3 b5 25. d5 Rcd8 26. Rf2 b4 27.
Nd1 Qb5 28. Qf3 f6 29. Re2 Rxd5 30. Ne3 Rde5 31. Ng4 R5e6 32. e5 fxe5 33. Rf2
Qd7 34. Qb3 Kh8 35. Qxb4 Qd1+ 36. Kh2 Qd6 37. Qxd6 Rxd6 38. Nxe5 Kg8 39. Nf3
Rb6 {#R} 0-1

[Event "Hampstead U2200 June 2013"]
[Site "Hampstead, UK"]
[Date "2013.06.29"]
[Round "3"]
[White "Dydak, Mateusz"]
[Black "Atako, Chino"]
[Result "0-1"]
[WhiteElo "1892"]
[BlackElo "2090"]
[EventRounds "5"]

1. f4 c5 2. Nf3 g6 3. g3 Bg7 4. Bg2 Nc6 5. e4 d6 6. d3 e6 7. O-O Nge7 8. c3
O-O 9. Be3 b6 10. Nbd2 d5 11. e5 Ba6 12. Nb3 Qd7 13. Bf2 Rac8 14. Re1 Rfd8 15.
d4 c4 16. Nbd2 b5 17. a3 Bb7 18. g4 a5 19. Bh4 Re8 20. Bf6 Bf8 21. Qe2 b4 22.
axb4 axb4 23. Qf2 Ra8 24. Rxa8 Rxa8 25. Nf1 h6 26. Ng3 Kh7 27. Nh4 Ng8 28. f5
exf5 29. gxf5 g5 30. Ng6 Nxf6 31. Nxf8+ Rxf8 32. exf6 bxc3 33. bxc3 Qd6 34.
Nh5 Nb8 35. Qe3 Nc6 36. Kh1 Bc8 37. Qf3 Rd8 38. Bh3 Ba6 39. Bg4 Bb5 40. Re3
Ba4 41. Qe2 Qa3 42. Qf3 Qc1+ 43. Kg2 Bd1 44. Qxd1 Qxe3 45. Qf3 Qd2+ 46. Kh3
Qe1 47. Ng3 Rd6 48. Kg2 Qd2+ 49. Ne2 Nd8 50. Bh5 Rd7 51. Qg3 Nc6 52. Qf3 Qd3
53. Qf2 Nd8 54. Qf3 Rd6 55. Bg4 Kg8 56. Kf2 Qxf3+ 57. Kxf3 Rxf6 58. Ng3 Ra6
59. Ke3 Ra3 60. Ne2 Kg7 61. Bf3 Ra5 62. h4 Kf8 63. hxg5 hxg5 64. Ng3 Ke7 65.
Nh5 f6 66. Ng7 Kf7 67. Nh5 Nb7 68. Ng3 Nd6 69. Bh5+ Ke7 70. Bf3 Ne8 71. Ne2
Nc7 72. Bh5 Kd6 73. Bf7 Ra3 74. Bh5 Nb5 75. Kd2 Ra2+ 76. Ke3 Rxe2+ 77. Kxe2
Nxc3+ 78. Ke3 Nb5 79. Be8 Nc3 80. Bh5 Na2 81. Kd2 Nb4 82. Kc3 Nd3 83. Be2 Kc6
84. Bh5 Nf4 85. Bf3 { Remaining moves unclear, but 0-1, 93.} {#R} 0-1

[Event "Hampstead U2200 June 2013"]
[Site "Hampstead, UK"]
[Date "2013.06.29"]
[Round "3"]
[White "Sagues, Vincent"]
[Black "McDougall, William M"]
[Result "1/2-1/2"]
[WhiteElo "1939"]
[BlackElo "2098"]
[EventRounds "5"]

1. e4 c5 2. Nf3 d6 3. d4 cxd4 4. Nxd4 Nf6 5. f3 e5 6. Nb3 d5 7. Bg5 Be6 8.
Bxf6 gxf6 9. exd5 Bxd5 10. Nc3 Bb4 11. Qd3 Nc6 12. O-O-O Be6 13. Qe4 Qc7 14.
Nd5 Bxd5 15. Rxd5 Bd6 16. Bb5 O-O-O 17. Bxc6 Qxc6 18. Rhd1 b6 19. Qf5+ Kc7 20.
Qxf6 Rhe8 21. Qxf7+ Re7 22. Qf5 Red7 23. Qd3 Rg7 24. g3 Rf7 25. Kb1 h5 26. Nc1
Rf6 27. Ne2 Rdf8 28. f4 exf4 29. gxf4 R8f7 30. Rxh5 Bxf4 31. Nxf4 Rxf4 32. Rh7
Qf6 33. Rxf7+ Qxf7 34. Qd6+ Kb7 35. Qd7+ Qxd7 36. Rxd7+ Kc6 37. Rd1 Rh4 38.
Rd2 a5 39. c3 Kc5 40. Kc2 b5 41. b3 Rh3 42. Kc1 a4 43. Kc2 axb3+ 44. axb3 Kc6
45. Kb2 Kb6 46. Rc2 Kc5 47. Ka3 Rh4 48. Rf2 Kc6 49. b4 Rh3 50. Kb3 Kd5 51. Rg2
Kc6 52. Rc2 Kd5 53. Kb2 Kc6 54. c4 bxc4 55. Rxc4+ Kb5 56. Rc2 Rh4 57. Kc1 Rxb4
58. Kd2 Rc4 59. Rb2+ Kc5 60. Ke3 Kd5 61. Rf2 Ke5 62. Rf8 Ke6 63. Kf2 Ke7 64.
Rf3 Rc6 65. Kg3 Rf6 66. Ra3 Kf7 67. h4 Kg6 68. Kg4 Rb6 69. Ra4 Kh6 70. Rd4 Ra6
71. h5 Rb6 72. Re4 {#d} 1/2-1/2

[Event "Hampstead U2200 June 2013"]
[Site "Hampstead, UK"]
[Date "2013.06.29"]
[Round "3"]
[White "Tasker, Michael W"]
[Black "Psaila, Clarence"]
[Result "1/2-1/2"]
[WhiteElo "2084"]
[BlackElo "2016"]
[EventRounds "5"]

1. Nf3 e6 2. c4 f5 3. g3 Nf6 4. Bg2 Be7 5. O-O O-O 6. d4 d6 7. Nc3 Ne4 8. Qc2
Nxc3 9. Qxc3 a5 10. Re1 Nc6 11. d5 Bf6 12. Qd2 Ne7 13. dxe6 Bxe6 14. Qc2 Nc6
15. Be3 Qe8 16. Bg5 {#d} 1/2-1/2

[Event "Hampstead U2200 June 2013"]
[Site "Hampstead, UK"]
[Date "2013.06.29"]
[Round "3"]
[White "Bedi, Adam"]
[Black "Pinzhenin, Alexsei"]
[Result "1-0"]
[WhiteElo "2026"]
[BlackElo "1828"]
[EventRounds "5"]

1. d4 Nf6 2. c4 e5 3. dxe5 Ng4 4. Nf3 Bc5 5. e3 Nc6 6. Be2 Ngxe5 7. O-O O-O 8.
a3 a5 9. b3 Qf6 10. Ra2 Ra6 11. Bb2 Nxf3+ 12. Bxf3 Qh6 13. Nc3 Bd6 14. h3 Ne5
15. Be2 c5 16. Ne4 Qe6 17. Qc2 f5 18. Nxd6 Rxd6 19. Qc3 Qe7 20. Qxe5 Re6 21.
Qc3 Rh6 22. Bf3 d6 23. Kh2 Qg5 24. Raa1 Rg6 25. Rg1 f4 26. Rae1 Qh4 27. Re2
fxe3 28. Qxe3 Rh6 29. Bd5+ Kh8 30. Qg3 {#r} 1-0

[Event "Hampstead U2200 June 2013"]
[Site "Hampstead, UK"]
[Date "2013.06.29"]
[Round "3"]
[White "Hall, Anthony"]
[Black "Horlock, Peter J"]
[Result "1-0"]
[WhiteElo "2037"]
[BlackElo "1657"]
[EventRounds "5"]

1. e4 e5 2. Nf3 Nc6 3. d4 exd4 4. Bc4 Qe7 5. O-O d6 6. Nxd4 Nxd4 7. Qxd4 Be6
8. Nc3 Bxc4 9. Qxc4 c6 10. Bf4 Qe6 11. Qb4 Qd7 12. Rad1 d5 13. Qd4 Nf6 14.
exd5 cxd5 15. Nxd5 Nxd5 16. Rfe1+ Be7 17. Qe5 f6 18. Qxd5 Qxd5 19. Rxd5 Rd8
20. Bd6 Rd7 21. Rxe7+ Rxe7 22. Bxe7 Kxe7 23. Rd3 Rc8 24. c3 Rc7 25. f4 g6 26.
Kf2 f5 27. h3 h6 28. Ke3 Rc6 29. b3 Re6+ 30. Kf3 Rc6 31. Ke2 a6 32. a4 b6 33.
Kd2 a5 34. Rd4 Kf6 35. b4 axb4 36. cxb4 Ke6 37. Kd3 Rc1 38. Rc4 Rd1+ 39. Kc2
Rd6 40. Kc3 b5 41. axb5 Rd1 42. Kc2 Rg1 43. b6 Rxg2+ 44. Kb3 Rg3+ 45. Ka4 Rd3
46. b7 {#r} 1-0

[Event "Hampstead U2200 June 2013"]
[Site "Hampstead, UK"]
[Date "2013.06.29"]
[Round "3"]
[White "Liang, Jake Z"]
[Black "Rahman, K Azizur"]
[Result "1-0"]
[WhiteElo "1754"]
[BlackElo "1986"]
[EventRounds "5"]

1. d4 Nf6 2. c4 g6 3. Nc3 Bg7 4. e4 d6 5. f3 O-O 6. Be3 c6 7. Qd2 e6 8. Nge2
Nbd7 9. Nc1 b6 10. Be2 a5 11. O-O Ba6 12. b3 Qb8 13. Nd3 b5 14. cxb5 cxb5 15.
Rac1 Rc8 16. Rfd1 Nb6 17. Nb2 b4 18. Nca4 Nfd7 19. Nxb6 Nxb6 20. Bxa6 Rxa6 21.
Rxc8+ Qxc8 22. Rc1 Qb7 23. Nc4 Nxc4 24. Rxc4 f5 25. exf5 gxf5 26. Qc1 Ra8 27.
Rc7 Qd5 28. Qc6 Bxd4 29. Bxd4 Qxd4+ 30. Kf1 Qa1+ 31. Kf2 Qxa2+ 32. Kg3 Rd8 33.
Qc1 Kh8 34. Qh6 Rg8+ 35. Kh4 Qf2+ 36. Kh5 Qxg2 37. Qxh7# 1-0

[Event "Hampstead U2200 June 2013"]
[Site "Hampstead, UK"]
[Date "2013.06.29"]
[Round "3"]
[White "Hayward, Alan"]
[Black "Kalavannan, Koby"]
[Result "1-0"]
[WhiteElo "1954"]
[BlackElo "1749"]
[EventRounds "5"]

1. d4 Nf6 2. Nc3 d5 3. Bg5 e6 4. e4 Be7 5. e5 Nfd7 6. h4 Bxg5 7. hxg5 Qxg5 8.
Nb5 Qd8 9. Qg4 g6 10. c4 a6 11. Nc3 Nb6 12. c5 N6d7 13. Nf3 Nc6 14. Bd3 Nf8
15. Rh6 Bd7 16. O-O-O Qe7 17. Rdh1 O-O-O 18. Qf4 Be8 19. Ne2 Nb4 20. Bb1 Bb5
21. Nc3 Bd3 22. a3 Bxb1 23. axb4 Bd3 24. Ng5 Rd7 25. Kd2 Bc4 26. Kc2 Bb5 27.
Nxb5 axb5 28. Nxh7 Nxh7 29. Rxh7 Rxh7 30. Rxh7 c6 31. Qe3 Rc7 32. f4 Kd7 33.
Qa3 Qf8 34. Qh3 Qe7 35. g4 Kd8 36. f5 gxf5 37. gxf5 exf5 38. Qxf5 Qe6 39. Qg5+
Kd7 40. Rh6 Qe8 41. Qf5+ Kd8 42. Qf6+ Qe7 43. Qh8+ Qe8 44. Rd6+ Rd7 45. Qh4+
Kc7 46. Rf6 Qg8 47. Qh2 Kd8 48. Rh6 Qg4 49. Rh8+ Ke7 50. Qf2 Qg6+ 51. Kc3 Qg5
52. Kb3 Rc7 53. e6 Qf6 54. Qh2 Qf3+ 55. Ka2 Qd1 56. Qxc7+ Kxe6 57. Qe5+ Kd7
58. Qd6# 1-0

[Event "Hampstead U2200 June 2013"]
[Site "Hampstead, UK"]
[Date "2013.06.29"]
[Round "3"]
[White "Mitchell, Bob"]
[Black "Joslin, Tim"]
[Result "0-1"]
[WhiteElo "1707"]
[BlackElo "1946"]
[EventRounds "5"]

1. d4 e6 2. Nf3 Nf6 3. e3 b6 4. c4 Bb7 5. b3 Bb4+ 6. Bd2 Be7 7. Be2 O-O 8. O-O
Ne4 9. Nc3 f5 10. Be1 d6 11. d5 Bf6 12. Rc1 Nxc3 13. Bxc3 Bxc3 14. Rxc3 Qf6
15. Rc2 e5 16. Qa1 Nd7 17. Rd1 f4 18. exf4 Qg6 19. Qc3 Rxf4 20. Bf1 Raf8 21.
Ne1 e4 22. Qe3 Ne5 23. Rdd2 Bc8 24. Qg3 Rg4 25. Qe3 Rg5 26. Re2 Ng4 27. Qxe4
Nxf2 28. Qxg6 Nh3+ {#R} 0-1

[Event "Hampstead U2200 June 2013"]
[Site "Hampstead, UK"]
[Date "2013.06.29"]
[Round "3"]
[White "Miu, Marinel"]
[Black "Landau, Jonathan"]
[Result "0-1"]
[WhiteElo "1700"]
[BlackElo "1922"]
[EventRounds "5"]

1. d4 d6 2. c4 Nd7 3. e4 e5 4. Be3 Ne7 5. Nc3 g6 6. Nge2 Bg7 7. Qd2 O-O 8. Bh6
f5 9. Bxg7 Kxg7 10. f3 Nb6 11. b3 Nc6 12. d5 Ne7 13. h4 f4 14. a4 Ng8 15. Ng1
Nf6 16. Qf2 Nh5 17. Nge2 Qf6 18. a5 Nd7 19. b4 Nb8 20. Nb5 Na6 21. Rb1 c5 22.
dxc6 bxc6 23. Nxa7 Be6 24. Nxc6 Bxc4 25. Nxf4 exf4 26. Bxc4 Qc3+ 27. Qd2 Qxc4
28. Qxd6 Qc3+ 29. Kd1 Nxb4 30. Rxb4 Qa1+ 31. Kc2 Qxh1 32. Qe5+ Nf6 33. Rb7+
Kh8 34. Qe7 Qxg2+ 35. Kb1 Qf1+ 36. Kb2 Qe2+ 37. Ka1 Qd1+ 38. Kb2 Qd2+ 39. Kb3
Qd3+ 40. Kb4 Qb1+ 41. Kc5 Qc2+ 42. Kb5 Qb3+ 43. Nb4 Qg8 44. a6 Rae8 45. Qc7
Rc8 46. Qxf4 Qc4+ 47. Ka4 Nd7 48. Qe3 Nc5+ 49. Ka5 Nxb7+ 50. axb7 Ra8+ {#R}
0-1

[Event "Hampstead U2200 June 2013"]
[Site "Hampstead, UK"]
[Date "2013.06.29"]
[Round "3"]
[White "Ngulube, Michael"]
[Black "Neatherway, A Philip"]
[Result "0-1"]
[WhiteElo "1685"]
[BlackElo "1863"]
[EventRounds "5"]

1. d4 Nf6 2. c4 c5 3. d5 e6 4. Nc3 exd5 5. cxd5 d6 6. e4 g6 7. Nf3 Bg7 8. h3
a6 9. a4 O-O 10. Be2 Re8 11. Bg5 h6 12. Bxf6 Qxf6 13. a5 Nd7 14. O-O Rb8 15.
Qa4 Qe7 16. Nd2 g5 17. Nc4 Ne5 18. Nb6 Ng6 19. Nc4 Nf4 20. Bf3 Bd7 21. Qb3 Bd4
22. Qb6 Be5 23. Nxe5 Qxe5 24. Qc7 Bb5 25. Nxb5 axb5 26. g3 Nd3 27. Bh5 Qf6 28.
Bg4 Ne5 29. Bf5 Qe7 30. Qb6 Nf3+ 31. Kg2 Nd4 32. Rae1 b4 33. Bg4 f6 34. f4 Ra8
35. e5 fxe5 36. fxe5 dxe5 37. Qxh6 Ra6 38. Be6+ Nxe6 39. Rxe5 Nf4+ 40. gxf4
Rxh6 41. Rxe7 Rxe7 42. fxg5 Rd6 {#R} 0-1

[Event "Hampstead U2200 June 2013"]
[Site "Hampstead, UK"]
[Date "2013.06.29"]
[Round "3"]
[White "Minguez, Iluminada"]
[Black "Brozel, Sacha"]
[Result "0-1"]
[WhiteElo "1860"]
[BlackElo "1706"]
[EventRounds "5"]

1. c4 e5 2. g3 g6 3. Bg2 Bg7 4. Nc3 Nc6 5. d3 Nge7 6. Nf3 O-O 7. O-O d6 8. Re1
f5 9. Bg5 Be6 10. Nd5 Qd7 11. e4 f4 12. gxf4 exf4 13. Qd2 Bh3 14. Bxh3 Qxh3
15. Bxe7 Qxf3 16. Qe2 Nd4 17. Qxf3 Nxf3+ 18. Kf1 Nxe1 19. Bxf8 Nxd3 20. Bxg7
Kxg7 21. b3 c6 22. Nc3 Rd8 23. Rd1 Ne5 24. Ke2 Kf6 25. f3 b6 26. Rg1 Rg8 27.
Nd1 g5 28. Nf2 h5 29. h3 Rd8 30. Rd1 Ke6 31. Rg1 Nf7 32. Nd3 d5 33. h4 dxe4
34. fxe4 Ne5 35. Nxe5 Kxe5 36. Rxg5+ Kxe4 37. Rg7 Re8 38. Rf7 Re5 39. Rf6 c5
40. Kf2 Rf5 41. Re6+ Kd4 42. Kf3 Kc3 43. Re4 Kb2 44. Rxf4 Rxf4+ 45. Kxf4 Kxa2
46. Kg5 Kxb3 47. Kxh5 a5 {#R} 0-1

[Event "Hampstead U2200 June 2013"]
[Site "Hampstead, UK"]
[Date "2013.06.29"]
[Round "3"]
[White "Hernandez Castro, Julio"]
[Black "Zhou, Yang Jian"]
[Result "0-1"]
[WhiteElo "1836"]
[BlackElo "1667"]
[EventRounds "5"]

1. Nf3 c5 2. g3 Nc6 3. Bg2 g6 4. O-O Bg7 5. e4 Nf6 6. d3 O-O 7. Nbd2 d5 8. Re1
Rb8 9. exd5 Nxd5 10. Nc4 b5 11. Nce5 Nxe5 12. Nxe5 Bb7 13. c4 Nb4 14. Bxb7
Rxb7 15. cxb5 Rxb5 16. a3 Bxe5 17. axb4 cxb4 18. Rxa7 Rd5 19. Qe2 Bf6 20. Rd1
Qd6 21. Be3 Rd8 22. d4 Bxd4 23. Bxd4 Rxd4 24. Rxd4 Qxd4 25. Rxe7 Qd1+ 26. Kg2
Qd5+ 27. Qe4 Qb3 28. Qe5 Kf8 29. Rb7 Kg8 30. Qf6 Qd5+ 31. Qf3 Qxf3+ 32. Kxf3
Rd3+ 33. Ke4 Rb3 34. h4 Rxb2 35. f4 b3 36. Kf3 h5 37. g4 hxg4+ 38. Kxg4 Kg7
39. Kg3 Kf6 40. Rb6+ Kf5 41. Rb5+ Kf6 42. h5 gxh5 43. Rxh5 Rb1 44. Kg2 b2 45.
Rb5 Kg6 46. Kh2 Kf6 47. Kg2 Ke6 48. Kh2 Kd6 49. Kg2 Kc6 50. Rb8 Kc5 51. Kh2
Kc4 52. Kg2 Kc3 53. Rc8+ Kd3 54. Rb8 Ke4 55. Rb4+ Kd3 56. Rb8 Ke3 57. f5 f6
58. Rb3+ Kd4 59. Rb8 Ke4 60. Rb5 Kd3 61. Rb8 Ke3 62. Rb3+ Kd2 63. Rb8 Kd3 64.
Rb7 Kd4 65. Rb8 Ke5 66. Rb5+ Kd6 67. Rb8 Ke5 68. Rb5+ Kf4 69. Kh2 Ke3 70. Kg2
Ke4 71. Kh2 Kf3 72. Rb3+ Kf2 73. Rb5 Kf3 74. Rb3+ Kg4 75. Rb5 Rf1 76. Rxb2
Rxf5 77. Kg2 Rf4 78. Rb3 f5 79. Ra3 Kh4 80. Rb3 Rg4+ 81. Kf2 f4 82. Ra3 Rg5
83. Rb3 Kg4 84. Ra3 Rb5 85. Rc3 Rb2+ 86. Kf1 Rh2 87. Kg1 Re2 88. Ra3 Re3 89.
Ra8 Kf3 90. Rf8 Re4 91. Ra8 Re1+ 92. Kh2 Kf2 93. Ra3 f3 94. Ra8 Kf1 95. Rf8
Re2+ 96. Kh1 f2 97. Ra8 Re5 98. Ra1+ Ke2 99. Ra2+ Kf3 {#R} 0-1

[Event "Hampstead U2200 June 2013"]
[Site "Hampstead, UK"]
[Date "2013.06.29"]
[Round "3"]
[White "Klingher, Dominic"]
[Black "Richards, John"]
[Result "0-1"]
[WhiteElo "1642"]
[BlackElo "1813"]
[EventRounds "5"]

1. Nf3 Nf6 2. g3 b6 3. Bg2 Bb7 4. d3 e6 5. c4 Bb4+ 6. Bd2 Qe7 7. O-O Bxd2 8.
Qxd2 c5 9. Nc3 O-O 10. a3 Nc6 11. Rad1 Rad8 12. Na2 d5 13. cxd5 exd5 14. d4
Ne4 15. Qe3 Rfe8 16. dxc5 bxc5 17. Nc3 Nxc3 18. Qxc3 d4 19. Qc1 Na5 20. Rfe1
Nb3 21. Qc2 Bd5 22. e3 Qb7 23. Nh4 Bxg2 24. Nxg2 dxe3 25. Nxe3 Nd4 26. Rxd4
cxd4 27. Ng2 Rxe1+ 28. Nxe1 Re8 29. Nd3 Qe4 30. Qa4 Re7 31. Qb5 h6 32. Nc5
Qb1+ 33. Kg2 Re1 34. Qc6 Rg1+ 35. Kf3 Qd1+ 36. Kf4 g5+ 37. Ke5 Re1+ 38. Kd6
Qe2 39. Nd7 Qe6+ 40. Kc5 Rc1+ {#R} 0-1

[Event "Hampstead U2200 June 2013"]
[Site "Hampstead, UK"]
[Date "2013.06.29"]
[Round "3"]
[White "Sharkey, Brian"]
[Black "Cavendish, Joshua Z"]
[Result "0-1"]
[WhiteElo "1810"]
[BlackElo "1666"]
[EventRounds "5"]

1. d4 f5 2. c4 e6 3. Nf3 Nf6 4. a3 Be7 5. Nc3 d6 6. e3 O-O 7. b4 b6 8. Be2 Qe8
9. Nd2 e5 10. dxe5 dxe5 11. Bb2 Bb7 12. Bf3 e4 13. Be2 Nbd7 14. Nb5 Bd8 15.
Qb3 Kh8 16. Nd4 Qg6 17. Rg1 c5 18. Ne6 Re8 19. Nxd8 Raxd8 20. Qc3 Ng4 21. h3
Nge5 22. O-O-O cxb4 23. axb4 a5 24. bxa5 Nc5 25. f4 Ned3+ 26. Bxd3 Rxd3 27.
Qb4 Qd6 28. Qxb6 Qe7 29. Bd4 Na4 30. Qb5 Bc6 31. Qb1 Qa3+ 32. Bb2 Rc3+ 33. Qc2
Qxb2# 0-1

[Event "Hampstead U2200 June 2013"]
[Site "Hampstead, UK"]
[Date "2013.06.29"]
[Round "3"]
[White "Dwarakanathan, Srinidhi"]
[Black "Parry, Jacques"]
[Result "1/2-1/2"]
[WhiteElo "1218"]
[BlackElo "1762"]
[EventRounds "5"]

1. e4 c5 2. c3 g6 3. d4 cxd4 4. cxd4 d5 5. exd5 Bg7 6. Nf3 Nf6 7. Nc3 Nxd5 8.
Be2 O-O 9. O-O Nc6 10. Be3 a6 11. Qd2 Re8 12. Nxd5 Qxd5 13. a3 b5 14. Rac1 Bb7
15. Rfd1 Rad8 16. Bh6 Bh8 17. Qf4 Qd6 18. Qh4 Qf6 19. Bg5 Qg7 20. d5 Ne5 21.
Nxe5 Qxe5 22. Bf3 Qd6 23. b4 Bb2 24. Rb1 Bxa3 25. Rd4 Qe5 26. Rbd1 Qg7 27.
Bxe7 Rd7 28. Bf6 Qf8 29. h3 Bb2 30. Rf4 Bxf6 31. Qxf6 Rd6 32. Qg5 Qg7 33. Rh4
Re5 34. Qd2 {#d} 1/2-1/2

[Event "Hampstead U2200 June 2013"]
[Site "Hampstead, UK"]
[Date "2013.06.29"]
[Round "3"]
[White "Winter, Malcolm J"]
[Black "Millward, David J"]
[Result "1/2-1/2"]
[WhiteElo "1553"]
[BlackElo "1998"]
[EventRounds "5"]

1. d4 Nf6 2. Nf3 d5 3. c4 e6 4. cxd5 exd5 5. Nc3 c6 6. Bg5 Be7 7. Qc2 O-O 8.
e3 Ne4 9. Bxe7 Qxe7 10. Bd3 f5 11. O-O Nd7 12. a3 Ndf6 13. b4 Nxc3 14. Qxc3
Ne4 15. Qc2 Be6 16. Rfc1 Rfc8 17. Qe2 Rc7 18. Bxe4 dxe4 19. Ne5 Bd5 20. f3
exf3 21. gxf3 Rac8 22. Kh1 b6 23. e4 Be6 24. Rc3 Qd6 25. Qd3 fxe4 26. fxe4 c5
27. bxc5 bxc5 28. Nf3 cxd4 29. Rxc7 Rxc7 30. Qxd4 Qf8 31. Qe3 Rf7 32. Ng5 Rf1+
33. Rxf1 Qxf1+ 34. Qg1 Qxg1+ 35. Kxg1 Bd7 36. Kf2 h6 37. Nf3 Kf8 38. Ke3 Ke7
39. Kd4 g5 40. Ke5 Bg4 41. Nd4 Kf7 42. a4 Bd7 43. a5 h5 44. Nf3 Kg6 45. Kd6
Bb5 46. e5 g4 47. Nd4 Ba4 48. Nc6 h4 49. e6 g3 50. hxg3 hxg3 51. Ne5+ Kf6 52.
Nf3 g2 53. Ng1 Be8 54. Nf3 Ba4 {#d} 1/2-1/2

[Event "Hampstead U2200 June 2013"]
[Site "Hampstead, UK"]
[Date "2013.06.29"]
[Round "3"]
[White "Rosenbaum, Daniel A"]
[Black "Haddock, Paul"]
[Result "1/2-1/2"]
[WhiteElo "1730"]
[BlackElo "1684"]
[EventRounds "5"]

1. d4 Nf6 2. Nf3 c5 3. e3 e6 4. Bd3 d5 5. b3 Nc6 6. Bb2 cxd4 7. exd4 Be7 8.
O-O O-O 9. a3 Qc7 10. Ne5 Bd6 11. f4 Nd7 12. Rf3 Bxe5 13. fxe5 f5 14. Rh3 Rf7
15. Nd2 g5 16. Qh5 Qd8 17. Qh6 Nf8 18. Rh5 Rg7 19. Qf6 Qxf6 20. exf6 Rg6 21.
Nf3 g4 22. f7+ Kxf7 23. Ne5+ Nxe5 24. dxe5 Bd7 25. c4 dxc4 26. Bxc4 Kg7 27.
Rd1 b5 28. Be2 Rc8 29. Rc1 Rxc1+ 30. Bxc1 Bc6 31. Kf2 Nd7 32. Kg3 Nc5 33. b4
Ne4+ {#d} 1/2-1/2

[Event "Hampstead U2200 June 2013"]
[Site "Hampstead, UK"]
[Date "2013.06.29"]
[Round "3"]
[White "Walker, Adrian"]
[Black "Ritchie, Paul"]
[Result "0-1"]
[WhiteElo "1643"]
[BlackElo "1586"]
[EventRounds "5"]

1. e4 c5 2. d4 cxd4 3. c3 dxc3 4. Nxc3 Nc6 5. Nf3 d6 6. Bc4 Nf6 7. O-O Bg4 8.
Qb3 e6 9. Ng5 Nd4 10. Qxb7 Be7 11. Be3 Rb8 12. Qa6 h6 13. Bxd4 hxg5 14. Bb5+
Kf8 15. f3 Bh5 16. e5 dxe5 17. Bxa7 Ra8 18. Bc6 Qd4+ 19. Bxd4 Rxa6 20. Bb5
exd4 21. Bxa6 dxc3 22. Rac1 cxb2 23. Rc8+ Ne8 24. Bb5 f5 25. Rb1 Bf6 26. a4
Bg6 27. Bd3 Rh4 28. g4 Be5 29. Rc2 Rh3 30. Rf1 Rxf3 31. Re1 Rxd3 32. Rce2 Bd4+
33. Kg2 Re3 {#R} 0-1

[Event "Hampstead U2200 June 2013"]
[Site "Hampstead, UK"]
[Date "2013.06.29"]
[Round "3"]
[White "Klingher, Bernard"]
[Black "Gergelova, Monika"]
[Result "0-1"]
[WhiteElo "1034"]
[BlackElo "1297"]
[EventRounds "5"]

1. e4 e5 2. Nf3 Nc6 3. Bc4 Bc5 4. d3 h6 5. O-O d6 6. Nc3 Bg4 7. h3 Bxf3 8.
Qxf3 Qf6 9. Nd5 Qxf3 10. gxf3 O-O-O 11. f4 Rd7 12. Bb5 Nge7 13. fxe5 dxe5 14.
Nxe7+ Rxe7 15. Bxc6 bxc6 16. Be3 Bxe3 17. fxe3 h5 18. h4 Rh6 19. Rf5 Rg6+ 20.
Rg5 Rxg5+ 21. hxg5 g6 22. a4 Kd7 23. a5 a6 24. Ra3 Re6 25. Rb3 f6 26. gxf6
Rxf6 27. d4 exd4 28. exd4 Rf4 29. Rg3 Rxe4 30. Rxg6 Rxd4 31. Rg7+ Kc8 32. Rh7
h4 33. Kh2 Rd2+ 34. Kh3 Rxc2 35. Kxh4 Rxb2 36. Kg5 Rb5+ 37. Kf6 Rxa5 38. Rh8+
Kb7 39. Ke7 Rd5 40. Rh1 Kb6 41. Rb1+ Rb5 42. Rd1 a5 43. Kd7 Rd5+ 44. Rxd5 cxd5
45. Ke6 a4 46. Kxd5 Kb5 47. Kd4 Kb4 48. Kd3 Kb3 49. Kd2 Kb2 50. Kd3 a3 51. Kc4
a2 52. Kc5 a1=Q 53. Kc6 Kc3 54. Kxc7 Kc4 55. Kd6 Qd4+ 56. Ke6 Kc5 57. Kf5 Qe3
58. Kg6 Qf4 59. Kg7 Kd6 60. Kg6 Ke6 61. Kh7 Qg5 62. Kh8 Kf7 63. Kh7 Qg7# 0-1

[Event "Hampstead U2200 June 2013"]
[Site "Hampstead, UK"]
[Date "2013.06.29"]
[Round "3"]
[White "Tomy, Jeff"]
[Black "Hung, Dylan"]
[Result "0-1"]
[WhiteElo "1170"]
[BlackElo "1490"]
[EventRounds "5"]

1. e4 c6 2. d4 d5 3. Nf3 dxe4 4. Ng5 Nf6 5. Nc3 Bf5 6. Bc4 e6 7. O-O Be7 8.
Re1 Bb4 9. Rf1 O-O 10. a3 Bd6 11. Re1 Qc7 12. h3 Nbd7 13. Ncxe4 h6 14. Nxf6+
Nxf6 15. Nf3 Rfd8 16. Bd3 Bxd3 17. Qxd3 c5 18. dxc5 Bh2+ 19. Nxh2 Rxd3 20.
cxd3 {#R} 0-1

[Event "Hampstead U2200 June 2013"]
[Site "Hampstead, UK"]
[Date "2013.06.29"]
[Round "3"]
[White "Lovell, William"]
[Black "Byrne, Ken J"]
[Result "1-0"]
[WhiteElo "1322"]
[BlackElo "1194"]
[EventRounds "5"]

1. e4 d6 2. Nc3 g6 3. f4 Bg7 4. Nf3 Nf6 5. Bc4 e6 6. d3 Nbd7 7. O-O Nb6 8. Bb3
O-O 9. Qe1 Nfd7 10. f5 e5 11. fxg6 hxg6 12. Qg3 Nc5 13. Bg5 Bf6 14. Qh4 Nxb3
15. Bxf6 Qxf6 16. Qxf6 Nd7 17. Qh4 Nxa1 18. Ng5 Kg7 19. Qh7# 1-0

[Event "Hampstead U2200 June 2013"]
[Site "Hampstead, UK"]
[Date "2013.06.30"]
[Round "4"]
[White "Duncan, Patrick CM"]
[Black "Ruperez, Miguel Angel"]
[Result "0-1"]
[WhiteElo "2048"]
[BlackElo "2187"]
[EventRounds "5"]

1. b3 d5 2. Bb2 Nf6 3. e3 Bf5 4. Nf3 e6 5. Be2 h6 6. c4 c6 7. O-O Nbd7 8. Nc3
Be7 9. cxd5 exd5 10. d3 O-O 11. Qc2 Bh7 12. Rac1 Re8 13. Rfe1 Bd6 14. Bf1 Ng4
15. h3 Nge5 16. Nxe5 Nxe5 17. Na4 Re6 18. Nc5 Nf3+ 19. Kh1 Bxc5 20. gxf3 Bb4
21. Bc3 Bd6 22. Bg2 Qh4 23. Qe2 Bf5 24. Qf1 Rg6 25. f4 Re8 26. Red1 Ree6 27.
Be1 Qh5 28. Rd2 Rxg2 29. Qxg2 Rg6 30. Qxg6 fxg6 31. Kg1 Qf3 {#R} 0-1

[Event "Hampstead U2200 June 2013"]
[Site "Hampstead, UK"]
[Date "2013.06.30"]
[Round "4"]
[White "Doci, Stefan"]
[Black "Williamson, Roger"]
[Result "1-0"]
[WhiteElo "2059"]
[BlackElo "2149"]
[EventRounds "5"]

1. Nf3 Nf6 2. d4 c5 3. g3 e6 4. Bg2 d5 5. O-O Nc6 6. b3 Be7 7. Bb2 O-O 8. Nbd2
Re8 9. c4 Bd6 10. e3 b6 11. Ne5 Bb7 12. f4 cxd4 13. exd4 Rc8 14. Rc1 Qe7 15.
g4 Bb4 16. g5 Ne4 17. Nxe4 dxe4 18. Bxe4 Nxe5 19. Bxb7 Qxb7 20. fxe5 Qe4 21.
Qf3 Qg6 22. Qg2 Be7 23. h4 h6 24. gxh6 Qxh6 25. Rc3 f6 26. Bc1 Qxh4 27. Rg3
Rf8 28. Rxg7+ Kh8 29. Rf3 Rg8 30. Rh3 Qxh3 31. Qxh3+ Kxg7 32. Qxe6 Rce8 33.
Kf1 Bd8 34. Qd7+ Re7 35. Qg4+ Kh8 36. Qe4 fxe5 37. dxe5 Re6 38. Qh1+ Kg7 39.
Qh5 Rf8+ 40. Ke2 Rg6 41. Kd3 Re8 42. Ke4 Bf6 43. Bf4 Bd8 44. Bh6+ Kf7 45. Kf5
Ree6 46. Bd2 Kg7 47. Qh1 Bc7 48. Bf4 Re7 49. Qh5 Rf7+ 50. Ke4 Bd8 51. Qh3 Bc7
52. Bd2 Re7 53. Bc3 Rg5 54. Qh2 {#r} 1-0